Normal view MARC view
  • CHENEY,V.LYNNE

Entry Personal Name

Number of records used in: 1

001 - CONTROL NUMBER

  • control field: 133796

003 - CONTROL NUMBER IDENTIFIER

  • control field: NUST

005 - DATE AND TIME OF LATEST TRANSACTION

  • control field: 20260331160918.0

008 - FIXED-LENGTH DATA ELEMENTS

  • fixed length control field: 260331|| aca||aabn | a|a d

040 ## - CATALOGING SOURCE

  • Original cataloging agency: NUST
  • Transcribing agency: NUST

100 ## - HEADING--PERSONAL NAME

  • Personal name: CHENEY,V.LYNNE

670 ## - SOURCE DATA FOUND

  • Source citation: Work cat.: (NUST): CHENEY,V.LYNNE., TELLING THE TRUTH /, 1995.
© 2023 Central Library, National University of Sciences and Technology. All Rights Reserved.